000 00558nam a22001937a 4500
999 _c167193
_d167193
005 20190823151712.0
010 _aENG-126287
020 _c125.00
_a978-93-80005-77-5
035 _aEN-109819
037 _bDBAD/PUB
082 _aN
100 _aWoolf, Virginia
245 _ato the Lighthouse/
_cby Virginia Woolf
260 _aU.P.
_bMaple Press Private Limited
_c2018
270 _bNoida
_aA-63, Sector 58,
_e201301
_k+911204553581,4553583
_minfo@maplepress.co.in
300 _a179p.
_c22cm(pbk)
650 _aENGLISH NOVEL
942 _2ddc
_cEN
_hN
_mWOO